Central Library OPAC University of Rajshahi

Economic development / (Record no. 4187)

MARC details
000 -LEADER
fixed length control field 00806nam a2200241I 4500
001 - CONTROL NUMBER
control field 4187
003 - CONTROL NUMBER IDENTIFIER
rucl marc code BD-RjUL
005 - DATE AND TIME OF LATEST TRANSACTION
control field 20211208233841.0
008 - FIXED-LENGTH DATA ELEMENTS--GENERAL INFORMATION
fixed length control field 131222 19631959 1 eng u
035 ## - SYSTEM CONTROL NUMBER
System control number (BD-RjUL)4221
040 ## - CATALOGING SOURCE
Transcribing agency YNG
Modifying agency BOS
Original cataloging agency BD-RjUL
Language of cataloging eng
041 ## - LANGUAGE CODE
Language code of text/sound track or separate title eng
082 ## - DEWEY DECIMAL CLASSIFICATION NUMBER
Edition number 16
Classification number 338.91
Author mark and year VIE 1963
090 ## - LOCALLY ASSIGNED LC-TYPE CALL NUMBER (OCLC); LOCAL CALL NUMBER (OCLC)
Classification number (OCLC) (R) ; Classification number, CALL (RLIN) (NR) HD82
Local cutter number (OCLC) ; Book number/undivided call number, CALL (RLIN) F591
100 1# - MAIN ENTRY--PERSONAL NAME
Personal name Villard, Henry Hilgard,
Dates associated with a name 1911-
9 (RLIN) 13277
245 00 - TITLE STATEMENT
Title Economic development /
Statement of responsibility, etc. Henry H. Villard.
260 ## - PUBLICATION, DISTRIBUTION, ETC. (IMPRINT)
Place of publication, distribution, etc. New York :
Name of publisher, distributor, etc. Rinehart,
Date of publication, distribution, etc. 1963
300 ## - PHYSICAL DESCRIPTION
Pagination xiv, 229 p. :
Illustrations illus.
Size 23 cm.
500 ## - GENERAL NOTE
General note "Parts of the present book are an expansion and revision of material entitled 'Economic progress' prepared for use at the City College of New York... copyright c1957."
526 ## - STUDY PROGRAM INFORMATION NOTE
Requested Dept. Economics
650 #0 - SUBJECT ADDED ENTRY--TOPICAL TERM
Topical term or geographic name as entry element Economic development.
9 (RLIN) 13278
942 ## - ADDED ENTRY ELEMENTS (KOHA)
Source of classification or shelving scheme Dewey Decimal Classification
Koha item type Books
Holdings
Lost status Source of classification or shelving scheme Damaged status Not for loan Collection code Permanent Location Current Location Shelving location Date acquired Source of acquisition Cost, normal purchase price Total Checkouts Full call number Date last seen Copy number Koha item type
  Dewey Decimal Classification     Non-fiction Central Library, University of Rajshahi Central Library, University of Rajshahi   13/11/1965 Zeitlinger 20.00   338.91 VIE 1963 22/12/2013 C-6 Books
  Dewey Decimal Classification     Non-fiction Central Library, University of Rajshahi Central Library, University of Rajshahi   13/11/1965 Zeitlinger 28.00   338.91 VIE 1963 24/12/2013 C-3 Books
  Dewey Decimal Classification     Non-fiction Central Library, University of Rajshahi Central Library, University of Rajshahi   13/11/1965 Zeitlinger 28.00   338.91 VIE 1963 26/07/2016 C-2 Books
  Dewey Decimal Classification     Non-fiction Central Library, University of Rajshahi Central Library, University of Rajshahi   13/11/1965 Zeitlinger 28.00   338.91 VIE 1963 26/07/2016 C-4 Books
  Dewey Decimal Classification     Non-fiction Central Library, University of Rajshahi Central Library, University of Rajshahi   16/03/1963 Zeitlinger 28.00   338.91 VIE 1961 26/07/2016 C-5 Books